000 01246cam6a220027701 4500
001 qce00891572
005 20190826180645.0
008 740607c19651957ne a 000 0 eng u
035 _a(Sirsi) r86670
035 _a(QCAT)lss00589120
035 _a(UPRA)qce00891572
040 _dUPRA
100 1 _aPenning, F. M. (Frans Michel), 1894-1953.
_qPenning, F. M. (Frans Michel), 1894-1953.
_dPenning, F. M. (Frans Michel), 1894-1953.
_6A46017.1
245 1 0 _aElectrical discharges in gases /
_c[translated by A.F. Monypenny].
260 _a[Eindhoven] :
_bPhilips' Technical Library,
_c1965, [c1957]
490 1 _aPhilips' Gloeilampenfabrieken, N.V., Eindhoven. Technical library. Miscellaneous series
500 _aImprint covered by label: Gordon and Breach, Science Publishers, New York, London, Paris.
500 _aFirst published in 1957.
504 _aBibliography: p. 69-71.
650 0 _aElectric discharges through gases.
_6S6884.1
740 0 _aElectrische gasontladingen.
830 0 _aPhilips technical library. Miscellaneous series.
_tPhilips technical library. Miscellaneous series.
_6S3078.2
949 _aQC711
_wlcc
_i-120551
_mMAIN
_tBOOK
_lON-SHELF
949 _aQC711
_wlcc
_i-120552
_mMAIN
_tBOOK
_lON-SHELF
004 86670
999 _c169537
_d169537